| 000 | 00000nam 2200000zi 4500 |
| 001 | 9.882520 |
| 003 | CaOODSP |
| 005 | 20221107170324 |
| 006 | m o d f |
| 007 | cr ||||||||||| |
| 008 | 191129t20192019oncdo o f000 0 eng d |
| 020 | |a9780660333809 |
| 040 | |aCaOODSP|beng|erda|cCaOODSP |
| 043 | |an-cn--- |
| 086 | 1 |aH134-14/2019E-PDF |
| 245 | 00|aWhat we heard : |breducing youth access and appeal of vaping products : consultation summary. |
| 246 | 10|aReducing youth access and appeal of vaping products : |bconsultation summary |
| 264 | 1|aOttawa, ON : |bHealth Canada = Santé Canada, |c2019. |
| 264 | 4|c©2019 |
| 300 | |a1 online resource (iii, 18 pages) : |bgraphs, photographs |
| 336 | |atext|btxt|2rdacontent |
| 337 | |acomputer|bc|2rdamedia |
| 338 | |aonline resource|bcr|2rdacarrier |
| 500 | |aTitle from cover. |
| 500 | |a"December 2019." |
| 500 | |aIssued also in HTML format. |
| 500 | |aIssued also in French under title: Ce que nous avons entendu : réduire l’accessibilité et l’attrait des produits de vapotage pour les jeunes : sommaire de la consultation. |
| 520 | |a"The consultation document entitled “Reducing Youth Access and Appeal of Vaping Products: Potential Regulatory Measures” was published on April 11, 2019. For a period of 45 days, Canadians were invited to submit their comments on a number of potential regulatory measures that could be considered to further reduce the access and the appeal of vaping products to youth"--Introduction, page 3. |
| 650 | 0|aVaping|zCanada|xPublic opinion. |
| 650 | 0|aYouth|xTobacco use|zCanada|xPublic opinion. |
| 650 | 0|aVaping|xHealth aspects|zCanada. |
| 710 | 1 |aCanada. |bHealth Canada. |
| 775 | 08|tCe que nous avons entendu : |w(CaOODSP)9.882522 |
| 856 | 40|qPDF|s273 KB|uhttps://publications.gc.ca/collections/collection_2020/sc-hc/H134-14-2019-eng.pdf |
| 856 | 4 |qHTML|sN/A|uhttps://www.canada.ca/en/health-canada/services/publications/healthy-living/consultation-summary-reducing-youth-access-appeal-vaping-products.html |
| 986 | |a190494 |